[Event "BCF-ch Seniors 50"]
[Site "Hull"]
[Date "2024.08.02"]
[Round "5"]
[White "Lynch, Chris"]
[Black "Wilson, Matthew R"]
[Result "0-1"]
[WhiteElo "1595"]
[BlackElo "1832"]
[PlyCount "48"]
[EventDate "2024.07.29"]
[EventType "swiss"]
[EventRounds "7"]
[EventCountry "ENG"]
[SourceTitle "CB32_2024"]
[SourceDate "2024.08.08"]
[SourceVersion "1"]
[SourceVersionDate "2024.08.08"]
[SourceQuality "1"]

1. d4 d5 2. c4 e6 3. Nc3 Nf6 4. cxd5 exd5 5. Bg5 c6 6. e3 h6 7. Bh4 Be7 8. Bd3 Nbd7 9. Nge2 0-0 10. Qc2 Re8 11. 0-0 Ne4 12. Bxe7 Qxe7 13. Bxe4 dxe4 14. Ng3 Nf6 15. f3 exf3 16. Rxf3 Bg4 17. Raf1 Bxf3 18. Rxf3 Rad8 19. Nf5 Qe6 20. Qf2 Ne4 21. Nxe4 Qxe4 22. Nxg7 Qb1+ 23. Qf1 Qxf1+ 24. Rxf1 Kxg7 0-1